ბათუმის შოთა რუსთაველის სახელმწიფო უნივერსიტეტის ბიბლიოთეკა

Hellenistic Military and Naval Developments / (ბიბ.ჩანაწერი № 60639)

000 -LEADER
fixed length control field 00518nam a22001577a 4500
005 - DATE AND TIME OF LATEST TRANSACTION
control field 20230927170842.0
008 - FIXED-LENGTH DATA ELEMENTS--GENERAL INFORMATION
fixed length control field 230927s1930 enk||||| |||| 00| 0 eng d
041 ## - LANGUAGE CODE
Language code of text/sound track or separate title eng
080 ## - UNIVERSAL DECIMAL CLASSIFICATION NUMBER
Universal Decimal Classification number 355/359 T-21
100 ## - MAIN ENTRY--PERSONAL NAME
Personal name Tarn, W. W.
9 (RLIN) 19936
245 ## - TITLE STATEMENT
Title Hellenistic Military and Naval Developments /
Statement of responsibility, etc. W.W. Tarn.
264 ## - PRODUCTION, PUBLICATION, DISTRIBUTION, MANUFACTURE, AND COPYRIGHT NOTICE
Place of production, publication, distribution, manufacture Chicago,
Date of production, publication, distribution, manufacture, or copyright notice 1930.
300 ## - PHYSICAL DESCRIPTION
Extent 169 p.;
Other physical details 21 cm.
653 ## - INDEX TERM--UNCONTROLLED
keyword ელინისტური სამხედრო და საზღვაო განვითარება
942 ## - ADDED ENTRY ELEMENTS (KOHA)
Source of classification or shelving scheme
Koha item type წიგნი
ეგზემპლარები
Withdrawn status Lost status Source of classification or shelving scheme Damaged status Not for loan Permanent Location Current Location Shelving location Date acquired Cost, normal purchase price Full call number Barcode Date last seen Copy number Uniform Resource Identifier Price effective from Koha item type Public note
          ბათუმის შოთა რუსთაველის სახელმწიფო უნივერსიტეტის მთავარი ბიბლიოთეკა ბათუმის შოთა რუსთაველის სახელმწიფო უნივერსიტეტის მთავარი ბიბლიოთეკა წიგნსაცავი 2023-09-27 12.00 355/359 T-21 65220 2023-09-27 65220 ბსუ-ს საპატიო დოქტორის გურამ ლორთქიფანიძის საჩუქარი 2023-09-27 წიგნი 12 ლ.